Breve antología de poesía mexicana : impúdica, procaz, satírica y burlesca /

Detalles Bibliográficos
Otros Autores: Argüelles, Juan Domingo (Editor, contributor agent of text.)
Formato: Electrónico eBook
Lenguaje:español
Publicado: Ciudad de México : Océano Exprés, [2016]
Edición:Primera edición en libro electrónico.
Materias:
Acceso en línea:Digitalia Hispánica

MARC

LEADER 00000nam a2200000Ii 4500
001 DIGOCEANO0035
003 NyNyDIG
006 m o d
007 cr |||||||||||
008 240404s2016 mx ob 000 0 spa d
035 |a (OCoLC)1430189937 
040 |a DGITA  |b eng  |e rda  |e pn  |c DGITA 
020 |a 9786077356943  |q eBook 
020 |z 9786077356936 
050 1 4 |a PQ7261.S3 ebook 
245 0 0 |a Breve antología de poesía mexicana :  |b impúdica, procaz, satírica y burlesca /  |c selección, prólogo y notas de Juan Domingo Argüelles. 
250 |a Primera edición en libro electrónico. 
264 1 |a Ciudad de México :  |b Océano Exprés,  |c [2016] 
300 |a 1 online resource. 
336 |a text  |b txt  |2 rdacontent 
337 |a computer  |b c  |2 rdamedia 
338 |a online resource  |b cr  |2 rdacarrier 
347 |a text file  |2 rdaft 
347 |b EPUB 
500 |a "Interdicta, secreta, anónima , culta y popular"--Cover. 
504 |a Includes bibliographical references. 
588 0 |a Online resource; title from ePub title page (Digitalia, viewed April 4, 2024) 
650 0 |a Mexican poetry. 
650 0 |a Satire, Mexican. 
650 0 |a Burlesque (Literature) 
700 1 |a Argüelles, Juan Domingo,  |e editor,  |e contributor agent of text. 
791 2 |a Digitalia (Firm),  |e distributor. 
793 0 |g Digitalia eBook Collection:  |a Editorial Océano 
776 0 8 |i Print version:  |t Breve antología de poesía mexicana.  |b Primera edición.  |d Ciudad de México : Océano Exprés, [2016]  |z 9786077356936 
856 4 0 |3 Digitalia Hispánica  |u https://www.digitaliapublishing.com/a/85232/ 
910 |a Premium collection: 2024